Lliçons de gramatica valenciana amb exercicis pràctics / (Record no. 137075)

MARC details
000 -LEADER
campo de control de longitud fija 00670nam a2200193 4500
001 - NÚMERO DE CONTROL
campo de control 137075
003 - IDENTIFICADOR DE NÚMERO DE CONTROL
campo de control ES-MaACL
005 - FECHA Y HORA DE LA ÚLTIMA TRANSACCIÓN
campo de control 20230906195314.0
007 - CAMPO FIJO DE DESCRIPCIÓN FÍSICA--INFORMACIÓN GENERAL
campo de control de longitud fija t|
008 - DATOS DE LONGITUD FIJA--INFORMACIÓN GENERAL
campo de control de longitud fija 070214s1951 sp r ||||1| cat d
080 ## - NÚMERO DE LA CLASIFICACIÓN DECIMAL UNIVERSAL
Número de la Clasificación Decimal Universal 811.134.11'36(076)
100 1# - ENTRADA PRINCIPAL--NOMBRE DE PERSONA
Nombre de persona Salvador, Carles.
9 (RLIN) 102067
245 10 - MENCIÓN DEL TÍTULO
Título Lliçons de gramatica valenciana amb exercicis pràctics /
Mención de responsabilidad, etc. per Carles Salvador.
260 ## - PUBLICACIÓN, DISTRIBUCIÓN, ETC.
Lugar de publicación, distribución, etc. Valencia :
Nombre del editor, distribuidor, etc. [s.n.],
Fecha de publicación, distribución, etc. 1951 (
Fabricante Tip. Ortega)
300 ## - DESCRIPCIÓN FÍSICA
Extensión 208 p. ;
Dimensiones 17 cm.
650 #4 - PUNTO DE ACCESO ADICIONAL DE MATERIA--TÉRMINO DE MATERIA
Término de materia o nombre geográfico como elemento de entrada Lengua catalana-
Subdivisión geográfica Comunidad Valenciana-
Subdivisión de forma Gramática.
9 (RLIN) 140926
852 ## - LOCALIZACIÓN
Ubicación ES-MaACL
Número de control de estantería D-7480
Sublocalización o colección R.31129
852 ## - LOCALIZACIÓN
Ubicación ES-MaACL
Número de control de estantería E-12735
itemnumber R.140314
Nota libre .- Biblioteca Jacinto Martínez Lacalle
Holdings
Estatus retirado Estado de pérdida Estado de daño No para préstamo Biblioteca de origen Biblioteca actual Ubicación en estantería Fecha de adquisición Fuente de adquisición Total de préstamos Signatura topográfica completa Código de barras Visto por última vez Precio de reemplazo Tipo de ítem Koha
        Biblioteca del Ateneo de Madrid Biblioteca del Ateneo de Madrid Depósito 2 02/07/2009     E-12735 1180932 23/02/2023 23/02/2023 Libro impreso
        Biblioteca del Ateneo de Madrid Biblioteca del Ateneo de Madrid Sala Valle Inclán 17/01/2008     D-7480 901142648 23/02/2023 23/02/2023 Libro impreso